000 00368pab a2200145 454500
008 180718b2009 xxu||||| |||| 00| 0 eng d
245 _aWANTED: a turf war for development of financial markets
260 _c2009
300 _ap.26-32.
362 _a19 Sep
650 _aFinancial markets
773 _aEconomic and Political Weekly
908 _aN
909 _a83987
999 _c83987
_d83987